LEADER 00896nam0-2200301 --450 001 9910596500603321 005 20221020143851.0 010 $a9781771889650$bhardcover 010 $a9781774639665$bpaperback 100 $a20221020d2022----kmuy0itay5050----ba 101 0 $aeng 102 $aUS 105 $aa 001yy 200 1 $aGreen nanomaterials$esustainable technologies and applications$fedited by Kaushik Pal, PhD.; DSc 210 $aPalm Bay, FL$cApple Academic Press$d2022 215 $aXXI, 229 p.$cill.$d24 cm 610 0 $aNanostrutture 610 0 $aNanotecnologie 610 0 $aMateriali biocompatibili 676 $a620.5$v23$zita 702 1$aPal,$bKaushik 801 0$aIT$bUNINA$gRICA$2UNIMARC 901 $aBK 912 $a9910596500603321 952 $a60 620.5 PALK 2022$b480/2022$fFAGBC 959 $aFAGBC 996 $aGreen Nanomaterials$92127127 997 $aUNINA